00583nam a2200133 i 4500001000300000245022100003260003700224700002200261040000800283041000800291080001100299008004100310856009800351bg 0aAlternative energy systems :belectrical integration and utilisation : proceedings of the Conference held at the Coventry (Lanchester) Polytechnic, Coventry, England 10-12 September 1984 /ced. by Mike West [et al.]. aOxford :bPergamon Press,c1984.1 aWest, Mike.eRed. cBPK apol a621.31 s pl f |000 0 pol  uhttp://koha.tu.koszalin.pl/cgi-bin/koha/opac-detail.pl?biblionumber=28362yKatalog online BPK